| 000 | 00847nam a2200253 i 4500 | ||
|---|---|---|---|
| 001 | 8159 | ||
| 003 | ES-MaACL | ||
| 005 | 20230906145407.0 | ||
| 007 | t| | ||
| 008 | 920228s1991 sp |||| | spa d | ||
| 020 | _a84-86568-37-4 | ||
| 080 | _a929.7(46) | ||
| 100 | 1 |
_aMárquez de la Plata, Vicenta María. _977021 |
|
| 245 | 1 | 0 |
_aNobiliaria española _b: origen, evolución, instituciones y probanzas / _cVicenta María Márquez, Luis Valero de Bernabé. |
| 260 |
_aMadrid : _bPrensa y Ediciones Iberoamericanas, _cD.L. 1991. |
||
| 300 |
_a272 p. ; _c23 cm. |
||
| 490 | 1 |
_aEl persevante borgoña ; _v1 |
|
| 500 | _aÍndices. | ||
| 650 | 1 | 4 |
_aNobleza- _zEspaña- _vHistoria. _9167931 |
| 700 | 1 |
_aValero de Bernabé, Luis. _9112666 |
|
| 830 | 0 |
_aEl persevante borgoña ; _v1 _9178469 |
|
| 852 |
_aES-MaACL _jL-15478 |
||
| 999 |
_c8159 _d8159 |
||